| 000 | 00458nam a22001937a 4500 | ||
|---|---|---|---|
| 003 | CEME | ||
| 005 | 20210628203658.0 | ||
| 008 | 210317b xxu||||| |||| 00| 0 eng d | ||
| 020 | _a0-13-709981-9 | ||
| 040 | _c. | ||
| 082 | _a531.11 GRE'P | ||
| 100 |
_aGreenwood, Donald T _939831 |
||
| 245 | _aPrinciples of dynamics | ||
| 250 | _a2ND | ||
| 260 |
_aNEWJERSCY _bPRENTICE HALL _c1988 |
||
| 300 | _a552P | ||
| 650 |
_aDYNAMICS _97202 |
||
| 942 |
_cBK _2ddc |
||
| 999 |
_c574710 _d574710 |
||